Study of sorption properties of vermiculite; Неразрушающий контроль; Т. 3

書誌詳細
Parent link:Неразрушающий контроль: сборник трудов VI Всероссийской научно-практической конференции "Неразрушающий контроль: электронное приборостроение, технологии, безопасность", Томск, 23-27 мая 2016 г./ Национальный исследовательский Томский политехнический университет (ТПУ).— , 2016
Т. 3.— [С. 451-453]
第一著者: Slazhnev A. S.
団体著者: Национальный исследовательский Томский политехнический университет (ТПУ) Физико-технический институт (ФТИ) Кафедра иностранных языков физико-технического института (ИЯФТ)
その他の著者: Yuriev V. I. (научный руководитель), Kuimova M. V. Marina Valerievna, Nysh G. V.
要約:Заглавие с экрана
言語:ロシア語
出版事項:
シリーズ:Electrical Engineering and Non-Destructive Testing
主題:
オンライン・アクセス:http://earchive.tpu.ru/handle/11683/32871
フォーマット: MixedMaterials 電子媒体 図書の章
KOHA link:https://koha.lib.tpu.ru/cgi-bin/koha/opac-detail.pl?biblionumber=620788

MARC

LEADER 00000naa2a2200000 4500
001 620788
005 20231101133129.0
035 |a (RuTPU)RU\TPU\conf\19321 
035 |a RU\TPU\conf\19318 
090 |a 620788 
100 |a 20161017d2016 k y0rusy50 ba 
101 0 |a rus 
102 |a RU 
105 |a y z 100zy 
135 |a drgn ---uucaa 
181 0 |a i  
182 0 |a b 
200 1 |a Study of sorption properties of vermiculite  |f A. S. Slazhnev, V. I. Yuriev  |g sci. adv. M. V. Kuimova, G. V. Nysh 
203 |a Текст  |c электронный 
225 1 |a Electrical Engineering and Non-Destructive Testing 
230 |a 1 компьютерный файл (pdf; 243 Kb) 
300 |a Заглавие с экрана 
320 |a [Библиогр.: с. 453 (6 назв.)] 
461 1 |0 (RuTPU)RU\TPU\conf\19000  |t Неразрушающий контроль  |o сборник трудов VI Всероссийской научно-практической конференции "Неразрушающий контроль: электронное приборостроение, технологии, безопасность", Томск, 23-27 мая 2016 г.  |o в 3 т.  |f Национальный исследовательский Томский политехнический университет (ТПУ)  |d 2016 
463 1 |0 (RuTPU)RU\TPU\conf\19003  |t Т. 3  |v [С. 451-453] 
610 1 |a труды учёных ТПУ 
610 1 |a электронный ресурс 
610 1 |a сорбционные свойства 
610 1 |a вермикулиты 
610 1 |a загрязняющие вещества 
610 1 |a нефтепродукты 
610 1 |a сорбенты 
610 1 |a очистка 
700 1 |a Slazhnev  |b A. S. 
701 1 |a Yuriev  |b V. I. 
702 1 |a Kuimova  |b M. V.  |c linguist  |c Head of the Department of Tomsk Polytechnic University, Candidate of pedagogical sciences  |f 1976-  |g Marina Valerievna  |2 stltpush  |4 727 
702 1 |a Nysh  |b G. V.  |4 727 
712 0 2 |a Национальный исследовательский Томский политехнический университет (ТПУ)  |b Физико-технический институт (ФТИ)  |b Кафедра иностранных языков физико-технического института (ИЯФТ)  |h 6715  |2 stltpush  |3 (RuTPU)RU\TPU\col\18736 
801 2 |a RU  |b 63413507  |c 20161021  |g RCR 
856 4 |u http://earchive.tpu.ru/handle/11683/32871 
942 |c BK